| 000 | 00947nam a22002897a 4500 | ||
|---|---|---|---|
| 001 | BR8305961 | ||
| 003 | BR-BrBNA | ||
| 005 | 20230928091819.0 | ||
| 007 | ta | ||
| 008 | 230509b bl.||||| |||| 00| 0 por d | ||
| 040 |
_aBR-BrBNA _bpor _cBiblioteca Nacional de Agricultura |
||
| 041 | _a(Por) | ||
| 072 |
_aF01 _b2480 _b/G514 |
||
| 090 | _ 2480 BR8305961 | ||
| 110 | 1 |
_aEmpresa de Assistencia Tecnica e Extensao Rural do Estado do Maranhao, Sao Luis (Brasil); _94038 |
|
| 110 | 1 |
_aEmpresa Maranhense de Pesquisa Agropecuaria, Sao Luis, MA (Brasil) _94228 |
|
| 245 | 1 | _aRecomendacoes tecnologicas preliminares para a cultura da seringueira para o Estado do Maranhao [Brasil] | |
| 260 | 3 |
_aSao Luis, MA (Brasil): _c1983. |
|
| 300 | _a40 p. | ||
| 500 | _a10 illus. | ||
| 650 | _aSERINGUEIRA | ||
| 650 | _aPRATICA CULTURAL | ||
| 650 | _aTECNOLOGIA AGRICOLA | ||
| 650 | _aMARANHAO | ||
| 909 |
_a202309 _bLucia _c55 _dLucia Elande |
||
| 942 | _cBK | ||
| 999 |
_c35661 _d35661 |
||